000 00555nam a22001937a 4500
003 OSt
005 20180116183039.0
008 160219b xxu||||| |||| 00| 0 eng d
020 _a9780071234252
040 _c0
082 _a658.404 GRA 2003
100 _aClifford F. Gray Erik W. Larson
245 _aProject Management
_bThe Management Process
_cClifford F. Gray Erik W. Larson
260 _aNew York
_bMc Graw Hill
_c2003
300 _a574 p.
_bPB
440 _aProject Management
600 _aClifford F. Gray Erik W. Larson
942 _2ddc
_cBK
999 _c351176
_d351176